Sports Quiz

Random Sports or Soccer Quiz

English Top-Flight Clubs (Non Premier-League) Quiz Stats

 Plays Quiz not verified by Sporcle

Challenge
Share
Tweet
Embed
Score 0/18 Timer 05:00
0 Plays Today
Seasons Team % Correct
46Preston North End
81.8%
30Notts County
79.3%
9Bristol City
76.4%
2Millwall
68%
16Luton Town
63.1%
22Bury
62.1%
3Oxford United
60.1%
4Brighton & Hove Albion
59.6%
5Brentford
58.6%
Seasons Team % Correct
30Huddersfield Town
56.2%
1Leyton Orient
52.7%
1Carlisle United
50.2%
5Accrington
49.8%
12Grimsby Town
40.9%
1Northampton Town
40.9%
3Bradford Park Avenue
28.6%
2Darwen
28.6%
1Glossop North End
25.6%

You're not logged in!

Compare scores with friends on all Sporcle quizzes.
OR
Log In

You Might Also Like...

Show Comments

Extras

Top Quizzes Today


Score Distribution

Your Account Isn't Verified!

In order to create a playlist on Sporcle, you need to verify the email address you used during registration. Go to your Sporcle Settings to finish the process.

Report this User

Report this user for behavior that violates our Community Guidelines.

Details: